[Event "Montcalm I 2005-06"]
[Site "Quebec CAN"]
[Date "2005.09.15"]
[Round "2"]
[White "Perreault, Jacquelin"]
[Black "Audet-Bouchard, Nicolas"]
[Result "0-1"]
[WhiteElo "1755"]
[BlackElo "2209"]
[PlyCount "57"]
[GameId "2160767910900266"]
[EventDate "2005.09.08"]
[EventType "swiss"]
[EventRounds "5"]
[EventCountry "CAN"]

1. e4 c5 2. Nf3 Nc6 3. d4 cxd4 4. Nxd4 Nf6 5. Nc3 d6 6. Bc4 Qb6 7. Ndb5 a6 8. Be3 Qa5 9. Nd4 Ng4 10. O-O Nce5 11. Bb3 Nxe3 12. fxe3 Bg4 13. Bxf7+ Kd8 14. Qe1 Nxf7 15. Rxf7 Rc8 16. Qf2 Kc7 17. Nd5+ Kb8 18. b4 Qd8 19. b5 axb5 20. a4 Qa5 21. Qf1 bxa4 22. Rb1 Bd7 23. Nxe7 Bxe7 24. Rxe7 Rhf8 25. Rf7 Rxf7 26. Qxf7 Qc7 27. Qd5 Bc6 28. Nxc6+ Qxc6 29. Qxc6 0-1

[Event "Montcalm I 2005-06"]
[Site "Quebec CAN"]
[Date "2005.09.15"]
[Round "2"]
[White "Sauve, Richard"]
[Black "Cournoyer, Dominic"]
[Result "1/2-1/2"]
[WhiteElo "1835"]
[BlackElo "1590"]
[PlyCount "64"]
[GameId "2160767910900267"]
[EventDate "2005.09.08"]
[EventType "swiss"]
[EventRounds "5"]
[EventCountry "CAN"]

1. d4 d6 2. c4 e5 3. dxe5 dxe5 4. Qxd8+ Kxd8 5. Nf3 f6 6. e4 Bc5 7. Nc3 c6 8. a3 a5 9. Rg1 Be6 10. g4 g5 11. Na4 Ba7 12. Bd2 b6 13. O-O-O Nd7 14. Be3 Kc7 15. Nc3 Ne7 16. Be2 Ng6 17. Kb1 Nf4 18. Bxf4 exf4 19. Nd4 Rhe8 20. Rd2 Ne5 21. Nxe6+ Rxe6 22. Rgd1 Rae8 23. f3 Bb8 24. Na4 Ba7 25. b3 R8e7 26. Nb2 Rd7 27. Rxd7+ Nxd7 28. Kc2 Rd6 29. Rxd6 Kxd6 30. Nd3 Ne5 31. Kc3 Nxd3 32. Bxd3 c5 1/2-1/2

[Event "Montcalm I 2005-06"]
[Site "Quebec CAN"]
[Date "2005.01.08"]
[Round "3"]
[White "Beaudoin, Stephane"]
[Black "Auger, Bertrand"]
[Result "1-0"]
[WhiteElo "2061"]
[BlackElo "1896"]
[PlyCount "93"]
[GameId "2160767910900268"]
[EventDate "2005.09.08"]
[EventType "swiss"]
[EventRounds "5"]
[EventCountry "CAN"]
[SourceTitle "EXT 2006"]
[Source "ChessBase"]
[SourceDate "2005.11.24"]
[SourceVersion "1"]
[SourceVersionDate "2005.11.24"]
[SourceQuality "1"]

1. e4 e6 2. d4 d5 3. Nc3 dxe4 4. Nxe4 Bd7 5. Nf3 Bc6 6. Bd3 Nd7 7. O-O Ngf6 8. Nxf6+ Nxf6 9. Bf4 Be7 10. Be5 O-O 11. Qe2 Re8 12. Rad1 Bxf3 13. Qxf3 c6 14. Qh3 g6 15. f4 Bf8 16. f5 exf5 17. Bxf5 Bg7 18. Bd3 Rxe5 19. dxe5 Qd4+ 20. Kh1 Qxe5 21. Qh4 h5 22. Rde1 Qd6 23. Qf4 Qxf4 24. Rxf4 Nd5 25. Rfe4 Kf8 26. c3 b5 27. Bc2 a5 28. Bd1 a4 29. c4 Nf6 30. Re7 bxc4 31. Rc7 c3 32. bxc3 Nd5 33. Rxc6 Bxc3 34. Re4 a3 35. Bb3 Rd8 36. g3 Bb2 37. Ra4 g5 38. Ra7 Ne7 39. Rcc7 Bf6 40. Rxa3 Rd2 41. Ra8+ Kg7 42. Raa7 Re2 43. Rd7 g4 44. Bc4 Rc2 45. Bd3 Rd2 46. Kg1 Ng6 47. Rxf7+ 1-0

[Event "Montcalm I 2005-06"]
[Site "Quebec CAN"]
[Date "2005.01.08"]
[Round "3"]
[White "Bolduc, Steve"]
[Black "Berube, Antoine"]
[Result "1/2-1/2"]
[WhiteElo "2256"]
[BlackElo "2064"]
[PlyCount "112"]
[GameId "2160767910900269"]
[EventDate "2005.09.08"]
[EventType "swiss"]
[EventRounds "5"]
[EventCountry "CAN"]
[SourceTitle "EXT 2006"]
[Source "ChessBase"]
[SourceDate "2005.11.24"]
[SourceVersion "1"]
[SourceVersionDate "2005.11.24"]
[SourceQuality "1"]

1. d4 d5 2. c4 c6 3. Nf3 Nf6 4. e3 e6 5. Nbd2 Nbd7 6. b3 Bd6 7. Bb2 O-O 8. Bd3 Qe7 9. Ne5 Ba3 10. Bxa3 Qxa3 11. f4 c5 12. O-O cxd4 13. exd4 dxc4 14. Ndxc4 Qe7 15. Qf3 Nd5 16. f5 Nxe5 17. dxe5 Qc5+ 18. Kh1 exf5 19. Rac1 Nb4 20. Bxf5 Bxf5 21. Qxf5 g6 22. Qf6 Nd5 23. Qf3 Nb6 24. Qxb7 Nxc4 25. Rxc4 Qxe5 26. Rc7 Qe2 27. Qf3 Qxf3 28. Rxf3 Rac8 29. Rfc3 Rxc7 30. Rxc7 Rd8 31. h3 a5 32. Ra7 Rd5 33. Kh2 g5 34. Kg3 Kg7 35. Kf3 Re5 36. Rb7 h6 37. a4 Rc5 38. Rb5 Rc3+ 39. Ke4 Kg6 40. Rxa5 Rxb3 41. Rb5 Rg3 42. Rb2 Ra3 43. Rb4 Ra2 44. g4 Ra3 45. Kd4 Rxh3 46. Kc5 h5 47. a5 hxg4 48. Rxg4 f5 49. Ra4 Rh8 50. a6 g4 51. a7 Ra8 52. Kd4 Kg5 53. Ke3 Kh4 54. Kf4 Kh3 55. Ra3+ Kh2 56. Ra2+ Kh3 1/2-1/2

[Event "Montcalm I 2005-06"]
[Site "Quebec CAN"]
[Date "2005.09.22"]
[Round "3"]
[White "Audet-Bouchard, Nicolas"]
[Black "Lessard, Claude"]
[Result "0-1"]
[WhiteElo "2209"]
[BlackElo "2025"]
[PlyCount "78"]
[GameId "2160767910900270"]
[EventDate "2005.09.08"]
[EventType "swiss"]
[EventRounds "5"]
[EventCountry "CAN"]

1. e4 c5 2. Nf3 d6 3. Bb5+ Bd7 4. Bxd7+ Nxd7 5. O-O g6 6. c3 c4 7. Qa4 Rc8 8. Re1 e5 9. b3 cxb3 10. axb3 a6 11. d4 exd4 12. cxd4 Rc6 13. d5 Rxc1 14. Rxc1 Bg7 15. Ra2 Ngf6 16. Nbd2 O-O 17. Qc4 Qe7 18. Qc7 Rb8 19. Rac2 Ne8 20. Qa5 Nc5 21. Qb4 Nd3 22. Qb6 Nxc1 23. Rxc1 Qd7 24. h3 Rc8 25. Nc4 Qb5 26. Qe3 Qc5 27. Re1 Qxe3 28. Rxe3 b5 29. Na5 Rc3 30. Re1 Rd3 31. Rc1 Bc3 32. Nb7 Kf8 33. Rf1 Bb4 34. Ra1 Nf6 35. Rxa6 Nxe4 36. Ra8+ Kg7 37. Nd8 Nc3 38. Nc6 Nxd5 39. Rb8 Rd1+ 0-1

[Event "Montcalm I 2005-06"]
[Site "Quebec CAN"]
[Date "2005.09.22"]
[Round "3"]
[White "Cournoyer, Dominic"]
[Black "Moisan, Francois"]
[Result "1-0"]
[WhiteElo "1590"]
[BlackElo "1876"]
[PlyCount "113"]
[GameId "2160767910900271"]
[EventDate "2005.09.08"]
[EventType "swiss"]
[EventRounds "5"]
[EventCountry "CAN"]

1. c4 Nf6 2. Nc3 g6 3. Nf3 Bg7 4. g3 O-O 5. Bg2 d6 6. O-O c5 7. d4 Nfd7 8. Be3 Nc6 9. Rc1 a6 10. a3 Rb8 11. dxc5 Nxc5 12. b4 Ne6 13. Qc2 Ned4 14. Nxd4 Nxd4 15. Qd1 e5 16. Bxd4 exd4 17. Nd5 Bd7 18. Qd3 b5 19. c5 dxc5 20. Rxc5 Bf5 21. Be4 Bxe4 22. Qxe4 Re8 23. Qf3 Rc8 24. Rfc1 Rxc5 25. Rxc5 Re5 26. h4 f5 27. Nf4 Rxc5 28. bxc5 Be5 29. Nd3 Bc7 30. Qc6 Kf7 31. Qxa6 Qe7 32. Qc6 Kf8 33. Nb4 Be5 34. Qxb5 d3 35. Qxd3 Qxc5 36. Qd8+ Kg7 37. Qd5 Qc3 38. Nd3 Bf6 39. Qc5 Qd2 40. Nf4 Kh6 41. Kg2 Qd7 42. Qd5 Qa7 43. Qd2 Kg7 44. Qe3 Qb7+ 45. Kh2 Qa6 46. Ne6+ Kf7 47. Nf4 Be7 48. Qb3+ Ke8 49. a4 g5 50. hxg5 Bxg5 51. Qb5+ Qxb5 52. axb5 Kd7 53. Kg2 Kd6 54. Kf3 Bf6 55. Nd3 Kc7 56. Kf4 Kb6 57. Kxf5 1-0

[Event "Montcalm I 2005-06"]
[Site "Quebec CAN"]
[Date "2005.09.22"]
[Round "3"]
[White "Dorion, Francois"]
[Black "Gaspariants, Vladimir"]
[Result "1-0"]
[WhiteElo "1699"]
[BlackElo "2307"]
[PlyCount "131"]
[GameId "2160767910900272"]
[EventDate "2005.09.08"]
[EventType "swiss"]
[EventRounds "5"]
[EventCountry "CAN"]

1. e4 e5 2. Nf3 Nc6 3. Nc3 Nf6 4. Bb5 Bb4 5. Bxc6 dxc6 6. O-O Bg4 7. h3 Bh5 8. Qe2 Qe7 9. a3 Bd6 10. d3 h6 11. Be3 g5 12. d4 g4 13. hxg4 Bxg4 14. Rfe1 O-O-O 15. Rad1 Rdg8 16. b4 Bh3 17. g3 Nh5 18. d5 f5 19. dxc6 Nxg3 20. cxb7+ Kb8 21. fxg3 Rxg3+ 22. Kh2 Rg2+ 23. Qxg2 Bxg2 24. Kxg2 Rg8+ 25. Kf2 f4 26. Bc1 Bc5+ 27. Ke2 Rg2+ 28. Kd3 Rg3 29. Rf1 Bd4 30. Ne2 Rh3 31. Nexd4 Qd6 32. Ke2 exd4 33. Rxd4 Qf6 34. e5 Qg6 35. Bxf4 Qxc2+ 36. Nd2 Qf5 37. Re4 Qe6 38. Be3 Rh2+ 39. Rf2 Rxf2+ 40. Bxf2 h5 41. Nf3 Qa2+ 42. Kf1 Qb1+ 43. Re1 Qd3+ 44. Kg2 Qg6+ 45. Bg3 Qc2+ 46. Kf1 Qf5 47. Kf2 Qe6 48. Nd4 Qc4 49. Re4 Qd3 50. Rf4 Qd2+ 51. Ne2 Qa2 52. Re4 Qd5 53. Re3 Qe6 54. Nf4 Qa2+ 55. Kf3 Qb1 56. e6 Qf1+ 57. Bf2 Qd1+ 58. Re2 Qh1+ 59. Ng2 Qh3+ 60. Bg3 Qg4+ 61. Kf2 Qd4+ 62. Kf1 Qf6+ 63. Kg1 Qe7 64. Bh4 Qe8 65. e7 Kxb7 66. Rd2 1-0

[Event "Montcalm I 2005-06"]
[Site "Quebec CAN"]
[Date "2005.09.22"]
[Round "3"]
[White "Filiatrault, Alexandre"]
[Black "Auger, Bertrand"]
[Result "1/2-1/2"]
[WhiteElo "1815"]
[BlackElo "2016"]
[PlyCount "32"]
[GameId "2160767910900273"]
[EventDate "2005.09.08"]
[EventType "swiss"]
[EventRounds "5"]
[EventCountry "CAN"]

1. e4 e6 2. d4 d5 3. Nc3 Bb4 4. e5 Ne7 5. Nf3 c5 6. Bd2 Bxc3 7. Bxc3 b6 8. a4 Ba6 9. Bxa6 Nxa6 10. Qe2 Nc7 11. b4 c4 12. Bd2 a6 13. c3 Qd7 14. Bg5 h6 15. Bxe7 Kxe7 16. g4 h5 1/2-1/2

[Event "Montcalm I 2005-06"]
[Site "Quebec CAN"]
[Date "2005.09.22"]
[Round "3"]
[White "Fillion, Nicolas"]
[Black "Potvin, Alain-Nicolas"]
[Result "0-1"]
[WhiteElo "1587"]
[BlackElo "1817"]
[PlyCount "88"]
[GameId "2160767910900274"]
[EventDate "2005.09.08"]
[EventType "swiss"]
[EventRounds "5"]
[EventCountry "CAN"]

1. Nf3 g6 2. e4 Bg7 3. d4 d6 4. c4 Nf6 5. Nc3 O-O 6. Be2 Bg4 7. O-O Nc6 8. Be3 e5 9. d5 Ne7 10. Ne1 Bxe2 11. Qxe2 Qd7 12. f3 Nh5 13. Nd3 f5 14. Kh1 f4 15. Bg1 g5 16. c5 Rf6 17. Bf2 Rh6 18. h3 Ng6 19. Rfc1 a6 20. b4 Nh4 21. Be1 Rf8 22. Kg1 Ng3 23. Bxg3 fxg3 24. b5 axb5 25. cxd6 cxd6 26. Nb4 Rf7 27. Nxb5 Nxg2 28. Qxg2 Qxb5 29. Rab1 Rhf6 30. Rb3 Qb6+ 31. Kh1 Qf2 32. Rf1 Qxg2+ 33. Kxg2 h5 34. Kxg3 g4 35. hxg4 hxg4 36. Re1 gxf3 37. Kf2 Bh6 38. Rg1+ Kf8 39. Rg3 Bd2 40. Nd3 Ba5 41. Rb5 Bc3 42. Ne1 Bd4+ 43. Kf1 f2 44. Nd3 Rh6 0-1

[Event "Montcalm I 2005-06"]
[Site "Quebec CAN"]
[Date "2005.09.22"]
[Round "3"]
[White "Gagnon, Stephane"]
[Black "Bourassa, Andre"]
[Result "0-1"]
[WhiteElo "1451"]
[BlackElo "1641"]
[PlyCount "62"]
[GameId "2160767910900275"]
[EventDate "2005.09.08"]
[EventType "swiss"]
[EventRounds "5"]
[EventCountry "CAN"]

1. e4 c5 2. Nf3 d6 3. d4 cxd4 4. Nxd4 Nf6 5. Nc3 a6 6. Bg5 e5 7. Nb3 Be7 8. Qd2 b5 9. a3 O-O 10. O-O-O Nbd7 11. Kb1 Qb6 12. f3 Rd8 13. g4 Nc5 14. Qf2 Nxg4 15. fxg4 Bxg5 16. Nd5 Qa7 17. Na5 Nxe4 18. Qxa7 Rxa7 19. Nc6 Bxg4 20. Nxa7 Bxd1 21. Bd3 Nd2+ 22. Kc1 Bf3 23. Rg1 Bh6 24. Ne7+ Kh8 25. Nf5 Nc4+ 26. Nxh6 gxh6 27. Rg3 e4 28. Nc6 exd3 29. Rxf3 d2+ 30. Kd1 Re8 31. Rf1 Ne3+ 0-1

[Event "Montcalm I 2005-06"]
[Site "Quebec CAN"]
[Date "2005.09.22"]
[Round "3"]
[White "Lapierre, Gaetan"]
[Black "Marquardt, Christian"]
[Result "1/2-1/2"]
[WhiteElo "1885"]
[BlackElo "2071"]
[PlyCount "38"]
[GameId "2160767910900276"]
[EventDate "2005.09.08"]
[EventType "swiss"]
[EventRounds "5"]
[EventCountry "CAN"]

1. e4 c6 2. d4 d5 3. exd5 cxd5 4. Bd3 Nc6 5. c3 Nf6 6. h3 g6 7. Nf3 Bg7 8. Bf4 O-O 9. Nbd2 Nd7 10. O-O e5 11. dxe5 Ndxe5 12. Nxe5 Nxe5 13. Nf3 Nxd3 14. Qxd3 Bf5 15. Qd2 Re8 16. Nd4 Bxd4 17. cxd4 Rc8 18. Rac1 Qb6 19. Rfe1 Rxc1 1/2-1/2

[Event "Montcalm I 2005-06"]
[Site "Quebec CAN"]
[Date "2005.09.22"]
[Round "3"]
[White "Sauve, Richard"]
[Black "Chouinard, Bastien"]
[Result "1-0"]
[WhiteElo "1835"]
[BlackElo "1618"]
[PlyCount "133"]
[GameId "2160767910900277"]
[EventDate "2005.09.08"]
[EventType "swiss"]
[EventRounds "5"]
[EventCountry "CAN"]

1. d4 Nf6 2. c4 e6 3. Nc3 Nc6 4. Nf3 d5 5. cxd5 exd5 6. Bg5 Be7 7. e3 h6 8. Bxf6 Bxf6 9. Bd3 O-O 10. O-O Nb4 11. Be2 Bf5 12. a3 Nc6 13. Qb3 Ne7 14. Qxb7 Rb8 15. Qxa7 Rxb2 16. Rfd1 c6 17. Bd3 Rb3 18. Bxf5 Nxf5 19. Rdc1 Qd6 20. Qa4 Rfb8 21. g4 Nh4 22. Nxh4 Bxh4 23. Nd1 Qg6 24. h3 R8b6 25. Qa8+ Kh7 26. Qc8 Be7 27. a4 Ba3 28. Rc3 Rxc3 29. Nxc3 Rb3 30. Ne2 Bb2 31. Rf1 Ba3 32. a5 Bd6 33. Ra1 Rb1+ 34. Rxb1 Qxb1+ 35. Kg2 Qe4+ 36. f3 Qxe3 37. Qf5+ Kg8 38. Qc2 Bb4 39. a6 Be1 40. Ng3 Qxd4 41. Nf5 Qa7 42. Qe2 Bb4 43. Qe8+ Kh7 44. Qxc6 d4 45. Qb7 Bc5 46. Qxa7 Bxa7 47. Nd6 Kg6 48. Nb5 d3 49. Kf1 Be3 50. a7 Bxa7 51. Nxa7 Kg5 52. Nb5 Kf4 53. Kf2 f6 54. Nc3 g6 55. Nd1 h5 56. Nb2 d2 57. gxh5 gxh5 58. h4 Ke5 59. Ke3 Kf5 60. Nd1 Ke5 61. Nf2 Kf5 62. f4 d1=Q 63. Nxd1 Kg4 64. Nf2+ Kxh4 65. Kf3 f5 66. Nh1 Kh3 67. Ng3 1-0

[Event "Montcalm I 2005-06"]
[Site "Quebec CAN"]
[Date "2005.09.22"]
[Round "3"]
[White "Valley, Michel"]
[Black "Caron, Sebastien"]
[Result "1-0"]
[WhiteElo "2032"]
[BlackElo "1827"]
[PlyCount "41"]
[GameId "2160767910900278"]
[EventDate "2005.09.08"]
[EventType "swiss"]
[EventRounds "5"]
[EventCountry "CAN"]

1. d4 c5 2. d5 e6 3. c4 Nf6 4. Nc3 exd5 5. cxd5 d6 6. Nf3 g6 7. g3 Bg7 8. Bg2 b5 9. Nxb5 Qa5+ 10. Nc3 Ne4 11. O-O Nxc3 12. bxc3 Bxc3 13. Bf4 Qd8 14. Rc1 Bg7 15. Nd2 a5 16. Nc4 Ra6 17. Qb3 Qc7 18. Qe3+ Kf8 19. Nxd6 Bd7 20. Rxc5 Qa7 21. Rc8+ 1-0

[Event "Montcalm I 2005-06"]
[Site "Quebec CAN"]
[Date "2005.01.09"]
[Round "4"]
[White "Jutras, Marc-Andre"]
[Black "Caire, Francois"]
[Result "0-1"]
[WhiteElo "1831"]
[BlackElo "2110"]
[PlyCount "70"]
[GameId "2160767910900279"]
[EventDate "2005.09.08"]
[EventType "swiss"]
[EventRounds "5"]
[EventCountry "CAN"]
[SourceTitle "EXT 2006"]
[Source "ChessBase"]
[SourceDate "2005.11.24"]
[SourceVersion "1"]
[SourceVersionDate "2005.11.24"]
[SourceQuality "1"]

1. f4 d5 2. Nf3 g6 3. e3 Bg7 4. d4 c5 5. c3 Nf6 6. b3 O-O 7. Be2 Bf5 8. O-O Qc7 9. Nh4 Nbd7 10. Nxf5 gxf5 11. Bd3 e6 12. Ba3 Rfd8 13. Qe2 a6 14. Nd2 b5 15. h3 c4 16. bxc4 dxc4 17. Bc2 Nd5 18. Nb1 a5 19. g4 b4 20. Bb2 fxg4 21. hxg4 Nf8 22. a3 Rab8 23. axb4 axb4 24. cxb4 Rxb4 25. Ba3 Rxb1 26. Raxb1 Nxe3 27. Rf3 Nxg4 28. Bxf8 Kxf8 29. Kg2 Rxd4 30. Kg3 Nf6 31. Rb5 Nd5 32. Bxh7 Rxf4 33. Rxf4 Qxf4+ 34. Kg2 Be5 35. Qe4 Ne3+ 0-1

[Event "Montcalm I 2005-06"]
[Site "Quebec CAN"]
[Date "2005.01.09"]
[Round "4"]
[White "Lessard, Claude"]
[Black "Bolduc, Steve"]
[Result "0-1"]
[WhiteElo "2040"]
[BlackElo "2256"]
[PlyCount "66"]
[GameId "2160767910900280"]
[EventDate "2005.09.08"]
[EventType "swiss"]
[EventRounds "5"]
[EventCountry "CAN"]
[SourceTitle "EXT 2006"]
[Source "ChessBase"]
[SourceDate "2005.11.24"]
[SourceVersion "1"]
[SourceVersionDate "2005.11.24"]
[SourceQuality "1"]

1. d4 Nf6 2. Nf3 e6 3. c4 Bb4+ 4. Nbd2 b6 5. a3 Bxd2+ 6. Bxd2 Bb7 7. e3 Ne4 8. Bd3 O-O 9. O-O f5 10. c5 bxc5 11. dxc5 Nxc5 12. Bb4 Nxd3 13. Bxf8 Kxf8 14. Qxd3 Ba6 15. Qc3 Bxf1 16. Kxf1 Nc6 17. Rd1 Qe7 18. b4 Rb8 19. Nd4 Rb6 20. Nb3 d6 21. Nd2 Ne5 22. f4 Ng4 23. h3 Nf6 24. Rc1 Nd5 25. Qd4 Qf6 26. Qd3 Qb2 27. Re1 Rc6 28. Nc4 Qa2 29. Nd2 Rc3 30. Qd4 Qxa3 31. Nb1 Qa6+ 32. Kg1 Rd3 33. Qb2 Qb6 0-1

[Event "Montcalm I 2005-06"]
[Site "Quebec CAN"]
[Date "2005.09.29"]
[Round "4"]
[White "Auger, Bertrand"]
[Black "Perreault, Jacquelin"]
[Result "1/2-1/2"]
[WhiteElo "2016"]
[BlackElo "1755"]
[PlyCount "95"]
[GameId "2160767910900281"]
[EventDate "2005.09.08"]
[EventType "swiss"]
[EventRounds "5"]
[EventCountry "CAN"]

1. Nf3 Nf6 2. g3 b6 3. Bg2 Bb7 4. O-O g6 5. c4 c5 6. Nc3 Bg7 7. d4 cxd4 8. Qxd4 h6 9. Qd3 O-O 10. b3 Na6 11. Bb2 d6 12. Rac1 Nc5 13. Qb1 Rc8 14. Rfd1 Qc7 15. Nd5 Nxd5 16. Bxg7 Kxg7 17. cxd5 Qd7 18. Nd4 a5 19. a3 Na6 20. Qb2 Kh7 21. Ne6 fxe6 22. dxe6 Qxe6 23. Bxb7 Rxc1 24. Rxc1 Nc5 25. Bf3 Qxb3 26. Qxb3 Nxb3 27. Rc7 Nd4 28. Rxe7+ Kh8 29. Bd5 Rb8 30. e3 Ne2+ 31. Kf1 Nc3 32. Be4 Nxe4 33. Rxe4 b5 34. Ke2 Kg7 35. Kd2 Kf6 36. Kc3 Rc8+ 37. Kb2 Rc5 38. Re8 Rf5 39. f4 Rh5 40. h4 Rd5 41. g4 Rd2+ 42. Kc3 Ra2 43. Kb3 Rg2 44. g5+ hxg5 45. hxg5+ Kf5 46. Rb8 Ke4 47. Rxb5 Kxe3 48. Rxa5 1/2-1/2

[Event "Montcalm I 2005-06"]
[Site "Quebec CAN"]
[Date "2005.09.29"]
[Round "4"]
[White "Dorion, Francois"]
[Black "Sauve, Richard"]
[Result "0-1"]
[WhiteElo "1699"]
[BlackElo "1835"]
[PlyCount "78"]
[GameId "2160767910900282"]
[EventDate "2005.09.08"]
[EventType "swiss"]
[EventRounds "5"]
[EventCountry "CAN"]

1. e4 e6 2. d4 d5 3. exd5 exd5 4. Nf3 Nf6 5. Nc3 Be7 6. Bf4 c6 7. Bd3 O-O 8. h3 Re8 9. O-O Nbd7 10. Ne2 Nf8 11. Ng3 Be6 12. Qd2 Qb6 13. a4 Qd8 14. b4 a5 15. b5 Ng6 16. Be5 Nd7 17. Bxg6 hxg6 18. Rfb1 Nb6 19. Rb3 Nc4 20. Qc1 Bd7 21. bxc6 Bxc6 22. Qf4 Qd7 23. Rab1 f6 24. h4 fxe5 25. dxe5 Rf8 26. Qd4 Qe6 27. Re1 Rf7 28. Qd3 Raf8 29. h5 gxh5 30. Nd4 Qg4 31. Nxc6 bxc6 32. Rb7 Bc5 33. Rxf7 Rxf7 34. Nh1 Re7 35. Qb3 h4 36. Qb8+ Kh7 37. Kf1 Nd2+ 38. Kg1 Nf3+ 39. Kf1 Qc4+ 0-1

[Event "Montcalm I 2005-06"]
[Site "Quebec CAN"]
[Date "2005.09.29"]
[Round "4"]
[White "Filiatrault, Alexandre"]
[Black "Audet-Bouchard, Nicolas"]
[Result "0-1"]
[WhiteElo "1815"]
[BlackElo "2209"]
[PlyCount "48"]
[GameId "2160767910900283"]
[EventDate "2005.09.08"]
[EventType "swiss"]
[EventRounds "5"]
[EventCountry "CAN"]

1. e4 c5 2. Nc3 e6 3. f4 d5 4. Bb5+ Nc6 5. Bxc6+ bxc6 6. e5 Ne7 7. Nf3 Nf5 8. O-O c4 9. g4 Bc5+ 10. Kh1 Ne7 11. b3 h5 12. gxh5 Rxh5 13. bxc4 Nf5 14. Ng5 Ng3+ 15. Kg2 Rxg5 16. fxg5 Nxf1 17. d4 Bb4 18. g6 fxg6 19. Na4 Qh4 20. Kxf1 Qxh2 21. c3 Be7 22. Qg4 Ba6 23. Qxg6+ Kd7 24. Nb2 Rf8+ 0-1

[Event "Montcalm I 2005-06"]
[Site "Quebec CAN"]
[Date "2005.09.29"]
[Round "4"]
[White "Lessard, Claude"]
[Black "Valley, Michel"]
[Result "1/2-1/2"]
[WhiteElo "2025"]
[BlackElo "2032"]
[PlyCount "94"]
[GameId "2160767910900284"]
[EventDate "2005.09.08"]
[EventType "swiss"]
[EventRounds "5"]
[EventCountry "CAN"]

1. d4 Nf6 2. c4 g6 3. Nc3 Bg7 4. e4 d6 5. f4 c5 6. d5 O-O 7. Nf3 e6 8. Be2 exd5 9. cxd5 a6 10. a4 Re8 11. Qc2 Nbd7 12. O-O Qb6 13. Nd2 Qc7 14. Nc4 Rb8 15. Kh1 b5 16. axb5 axb5 17. Nxd6 Qxd6 18. e5 Qb6 19. exf6 Nxf6 20. Bxb5 Rd8 21. Bc4 Bf5 22. Bd3 Bxd3 23. Qxd3 Qb7 24. Rd1 Ng4 25. Qf3 h5 26. h3 Nf6 27. f5 Qd7 28. fxg6 fxg6 29. Ra5 Qc7 30. Ra6 Qf7 31. Rc6 Rbc8 32. Rxc8 Rxc8 33. Bf4 Qd7 34. d6 Kh7 35. Be5 Rf8 36. Qe3 Qc6 37. Bxf6 Bxf6 38. Ne4 Bd4 39. Rxd4 cxd4 40. Qxd4 Qc1+ 41. Kh2 Qf4+ 42. g3 Qf1 43. Qd2 Re8 44. Qd4 Qe2+ 45. Nf2 Re3 46. Kg2 Qf3+ 47. Kh2 Qe2 1/2-1/2

[Event "Montcalm I 2005-06"]
[Site "Quebec CAN"]
[Date "2005.09.29"]
[Round "4"]
[White "Marquardt, Christian"]
[Black "Cournoyer, Dominic"]
[Result "1/2-1/2"]
[WhiteElo "2071"]
[BlackElo "1590"]
[PlyCount "71"]
[GameId "2160767910900285"]
[EventDate "2005.09.08"]
[EventType "swiss"]
[EventRounds "5"]
[EventCountry "CAN"]

1. Nc3 Nf6 2. d4 d5 3. Bg5 c6 4. Qd3 Bg4 5. O-O-O e6 6. f3 Bh5 7. Re1 Be7 8. Nh3 Bg6 9. e4 h6 10. Bh4 Nbd7 11. Qd1 Nb6 12. Kb1 Nxe4 13. fxe4 Bxh4 14. g3 Be7 15. Nf4 Bh7 16. exd5 Nxd5 17. Ncxd5 exd5 18. Bg2 O-O 19. Rhf1 Bb4 20. Re2 Qd6 21. Nd3 Bxd3 22. Qxd3 Rfe8 23. c3 Rxe2 24. Qxe2 Qe7 25. Re1 Qxe2 26. Rxe2 Bd6 27. Kc2 Kf8 28. Bh3 Re8 29. Kd3 Rxe2 30. Kxe2 Ke7 31. Ke3 b6 32. Bg2 Ke6 33. Bh3+ Ke7 34. Bg2 Ke6 35. Bh3+ Ke7 36. Bg2 1/2-1/2

[Event "Montcalm I 2005-06"]
[Site "Quebec CAN"]
[Date "2005.09.29"]
[Round "4"]
[White "Potvin, Alain-Nicolas"]
[Black "Bourassa, Andre"]
[Result "1-0"]
[WhiteElo "1817"]
[BlackElo "1641"]
[PlyCount "59"]
[GameId "2160767910900286"]
[EventDate "2005.09.08"]
[EventType "swiss"]
[EventRounds "5"]
[EventCountry "CAN"]

1. d4 d5 2. Nf3 e6 3. e3 Nf6 4. Bd3 c5 5. c3 Nc6 6. O-O Qc7 7. Nbd2 Bd6 8. Qe2 c4 9. Bc2 O-O 10. e4 dxe4 11. Nxe4 Nxe4 12. Qxe4 f5 13. Qh4 Be7 14. Qh3 h6 15. Re1 Bd6 16. Bd2 e5 17. dxe5 Nxe5 18. Nxe5 Bxe5 19. Re2 Bd6 20. Rae1 Qf7 21. Qf3 g5 22. Ba4 Rb8 23. Be8 Qf6 24. Qd5+ Kg7 25. Bb5 a6 26. Bxc4 b5 27. Bb3 Bb7 28. Qe6 Qxe6 29. Rxe6 Rf6 30. Rxf6 1-0

[Event "Montcalm I 2005-06"]
[Site "Quebec CAN"]
[Date "2005.01.09"]
[Round "5"]
[White "Berube, Antoine"]
[Black "Tremblay, Rejean"]
[Result "1-0"]
[WhiteElo "2064"]
[BlackElo "2164"]
[PlyCount "55"]
[GameId "2160767910900287"]
[EventDate "2005.09.08"]
[EventType "swiss"]
[EventRounds "5"]
[EventCountry "CAN"]
[SourceTitle "EXT 2006"]
[Source "ChessBase"]
[SourceDate "2005.11.24"]
[SourceVersion "1"]
[SourceVersionDate "2005.11.24"]
[SourceQuality "1"]

1. e4 c5 2. Nf3 d6 3. d4 cxd4 4. Nxd4 Nf6 5. Nc3 a6 6. Bg5 e6 7. f4 Qb6 8. Qd2 Qxb2 9. Rb1 Qa3 10. f5 Nc6 11. fxe6 fxe6 12. Nxc6 bxc6 13. Bxf6 gxf6 14. e5 Bh6 15. Qxh6 Qxc3+ 16. Kd1 Qxe5 17. Qg7 f5 18. Qc7 Qd5+ 19. Ke1 O-O 20. Rb3 Qe5+ 21. Be2 Qa1+ 22. Kd2 Qd4+ 23. Rd3 Qf4+ 24. Kd1 Rf7 25. Qd8+ Rf8 26. Qxd6 Qxd6 27. Rxd6 Rb8 28. Kd2 1-0

[Event "Montcalm I 2005-06"]
[Site "Quebec CAN"]
[Date "2005.01.09"]
[Round "5"]
[White "Coulon, Dominic"]
[Black "Hebert, Marc"]
[Result "1-0"]
[WhiteElo "1752"]
[BlackElo "1815"]
[PlyCount "61"]
[GameId "2160767910900288"]
[EventDate "2005.09.08"]
[EventType "swiss"]
[EventRounds "5"]
[EventCountry "CAN"]
[SourceTitle "EXT 2006"]
[Source "ChessBase"]
[SourceDate "2005.11.24"]
[SourceVersion "1"]
[SourceVersionDate "2005.11.24"]
[SourceQuality "1"]

1. e4 e5 2. Nf3 Nc6 3. Bc4 Bc5 4. c3 Nf6 5. d4 exd4 6. cxd4 Bb4+ 7. Nc3 Nxe4 8. O-O Bxc3 9. d5 Bf6 10. Re1 Ne7 11. Rxe4 O-O 12. d6 Ng6 13. Qd5 c6 14. Qh5 Re8 15. Rxe8+ Qxe8 16. Bg5 b5 17. Re1 Qf8 18. Bxf6 gxf6 19. Bd3 Bb7 20. Re7 Re8 21. Bxg6 hxg6 22. Qc5 Bc8 23. b4 a6 24. h4 Kg7 25. g4 Rxe7 26. dxe7 Qe8 27. Qd6 Bb7 28. g5 f5 29. Qf6+ Kg8 30. h5 gxh5 31. Nh4 1-0

[Event "Montcalm I 2005-06"]
[Site "Quebec CAN"]
[Date "2005.10.06"]
[Round "5"]
[White "Audet-Bouchard, Nicolas"]
[Black "Potvin, Alain-Nicolas"]
[Result "1-0"]
[WhiteElo "2209"]
[BlackElo "1817"]
[PlyCount "65"]
[GameId "2160767910900289"]
[EventDate "2005.09.08"]
[EventType "swiss"]
[EventRounds "5"]
[EventCountry "CAN"]

1. e4 d6 2. d4 Nf6 3. Nc3 g6 4. Be3 c6 5. Qd2 b5 6. Bd3 Ng4 7. Bg5 h6 8. Bh4 Bg7 9. h3 Nf6 10. Nf3 Nbd7 11. e5 b4 12. Ne2 dxe5 13. dxe5 Nd5 14. e6 Nc5 15. exf7+ Kxf7 16. O-O Bxb2 17. Rad1 Nxd3 18. Qxd3 Bf5 19. Qc4 Qc8 20. Ned4 Kg7 21. Rfe1 Re8 22. Nxf5+ gxf5 23. Bg3 Bc3 24. Be5+ Kh7 25. Bxc3 bxc3 26. Ne5 e6 27. Rd4 Qb7 28. Rh4 Rac8 29. Qd3 c5 30. Ng4 Qg7 31. Nxh6 Kg6 32. Rxe6+ Kg5 33. Qg3# 1-0